[Event "Sharjah Blitz op 27th"]
[Site "Sharjah"]
[Date "2022.04.08"]
[Round "2"]
[White "Anood, Ahmad"]
[Black "Geldyeva, Mekhri"]
[Result "0-1"]
[WhiteElo "1246"]
[BlackElo "2139"]
[PlyCount "48"]
[EventDate "2022.04.08"]
[EventType "swiss (blitz)"]
[EventRounds "9"]
[EventCountry "UAE"]
[SourceTitle "CBM 207 Extra"]
[Source "ChessBase"]
[SourceDate "2022.05.31"]
[SourceVersion "1"]
[SourceVersionDate "2022.05.31"]
[SourceQuality "1"]

1. e4 c5 2. Nf3 e6 3. d4 cxd4 4. Nxd4 Nf6 5. Nc3 d6 6. Be2 a6 7. 0-0 Qc7 8. Be3 b5 9. a3 Bb7 10. Bd3 Nbd7 11. f4 Be7 12. g4 Nc5 13. Nb3 Ncxe4 14. Nxe4 Nxe4 15. Bxe4 Bxe4 16. Qd4 Bb7 17. Qxg7 Qc6 18. Kf2 Rf8 19. Nd4 Qg2+ 20. Ke1 Rc8 21. Rc1 Qe4 22. Rf3 e5 23. fxe5 dxe5 24. Ne6 Qxf3 0-1

[Event "Sharjah Blitz op 27th"]
[Site "Sharjah"]
[Date "2022.04.08"]
[Round "7"]
[White "Geldyeva, Mekhri"]
[Black "Salem, AR Saleh"]
[Result "0-1"]
[WhiteElo "2139"]
[BlackElo "2690"]
[PlyCount "62"]
[EventDate "2022.04.08"]
[EventType "swiss (blitz)"]
[EventRounds "9"]
[EventCountry "UAE"]
[SourceTitle "CBM 207 Extra"]
[Source "ChessBase"]
[SourceDate "2022.05.31"]
[SourceVersion "1"]
[SourceVersionDate "2022.05.31"]
[SourceQuality "1"]

1. d4 d5 2. e3 Nf6 3. Bd3 c5 4. c3 Nc6 5. f4 Bg4 6. Nf3 e6 7. Nbd2 Bd6 8. 0-0 cxd4 9. cxd4 0-0 10. a3 Rc8 11. b4 a5 12. b5 Ne7 13. Bb2 Bf5 14. Qe2 a4 15. Ne5 Qa5 16. Rfc1 h6 17. Ndf3 Rfd8 18. Rc2 Rxc2 19. Qxc2 Rc8 20. Qe2 Bxd3 21. Qxd3 Ne4 22. h3 f6 23. Ng4 Rc4 24. Rc1 Qxb5 25. Rxc4 Qxc4 26. Qxc4 dxc4 27. Nf2 c3 28. Bc1 Ng3 29. Nd3 Ne2+ 30. Kf2 Nxc1 31. Nxc1 Bxa3 0-1

[Event "Sharjah Rapid op 27th"]
[Site "Sharjah"]
[Date "2022.04.07"]
[Round "7"]
[White "Geldyeva, Mekhri"]
[Black "Al Namas, Kanan"]
[Result "1-0"]
[WhiteElo "2139"]
[BlackElo "1516"]
[PlyCount "79"]
[EventDate "2022.04.06"]
[EventType "swiss (rapid)"]
[EventRounds "9"]
[EventCountry "UAE"]
[SourceTitle "CBM 207 Extra"]
[Source "ChessBase"]
[SourceDate "2022.05.31"]
[SourceVersion "1"]
[SourceVersionDate "2022.05.31"]
[SourceQuality "1"]

1. d4 Nf6 2. e3 e6 3. Bd3 c5 4. c3 d5 5. Nd2 Nc6 6. f4 Be7 7. Ngf3 b6 8. Bb5 Bd7 9. 0-0 Qc7 10. Bd3 Ng4 11. Qe2 f5 12. Ne5 Nf6 13. Rf3 Ne4 14. Rh3 0-0-0 15. Nf7 c4 16. Bc2 h6 17. Nxd8 Nxd8 18. Nf3 Nf7 19. Bxe4 fxe4 20. Ne5 Nxe5 21. fxe5 Be8 22. Qg4 g5 23. Qxe6+ Bd7 24. Qxe7 Bxh3 25. Qxc7+ Kxc7 26. gxh3 Rg8 27. Bd2 g4 28. hxg4 Rxg4+ 29. Kf2 Rh4 30. Kg3 Rh5 31. Rg1 Rg5+ 32. Kf2 Rf5+ 33. Ke2 Rh5 34. Rg2 Rh3 35. Be1 a5 36. Rg7+ Kc6 37. Bg3 Rh5 38. e6 Rf5 39. Rc7+ Kb5 40. e7 1-0

[Event "Sharjah Rapid op 27th"]
[Site "Sharjah"]
[Date "2022.04.06"]
[Round "4"]
[White "Iordachescu, Viorel"]
[Black "Geldyeva, Mekhri"]
[Result "1-0"]
[WhiteElo "2585"]
[BlackElo "2139"]
[PlyCount "59"]
[EventDate "2022.04.06"]
[EventType "swiss (rapid)"]
[EventRounds "9"]
[EventCountry "UAE"]
[SourceTitle "CBM 207 Extra"]
[Source "ChessBase"]
[SourceDate "2022.05.31"]
[SourceVersion "1"]
[SourceVersionDate "2022.05.31"]
[SourceQuality "1"]

1. e4 c5 2. Nf3 e6 3. c3 d5 4. exd5 exd5 5. d4 Nc6 6. Bb5 Nf6 7. 0-0 Be7 8. dxc5 0-0 9. Be3 Ne4 10. Nd4 Ne5 11. c6 b6 12. Nd2 Nd6 13. a4 a6 14. Be2 Qc7 15. Qb3 Ndc4 16. Nxc4 dxc4 17. Bxc4 Ng4 18. g3 Nxe3 19. fxe3 Bc5 20. Rxf7 Rxf7 21. Rf1 Qe5 22. Bxf7+ Kh8 23. Qd5 Qxe3+ 24. Kg2 Bg4 25. c7 Rf8 26. b4 Bxd4 27. Qxd4 Qe2+ 28. Rf2 Bf3+ 29. Kh3 Bg4+ 30. Kh4 1-0

[Event "Titled Tuesday intern op 05th Apr Late"]
[Site "Chess.com INT"]
[Date "2022.04.05"]
[Round "2"]
[White "Geldyeva, Mekhri"]
[Black "Moral Garcia, Serafin"]
[Result "0-1"]
[WhiteElo "2139"]
[BlackElo "2214"]
[PlyCount "80"]
[EventDate "2022.04.05"]
[EventType "swiss (blitz)"]
[EventRounds "11"]
[EventCountry "USA"]
[SourceTitle "CBM 207 Extra"]
[Source "ChessBase"]
[SourceDate "2022.05.31"]
[SourceVersion "1"]
[SourceVersionDate "2022.05.31"]
[SourceQuality "1"]

1. d4 Nf6 2. c4 c5 3. d5 e6 4. Nc3 exd5 5. cxd5 d6 6. e4 g6 7. h3 Bg7 8. Nf3 a6 9. a4 0-0 10. Bf4 Qe7 11. Nd2 Nbd7 12. Be2 Ne8 13. 0-0 Ne5 14. Bg3 f5 15. f4 Nd7 16. Bf3 fxe4 17. Ndxe4 Ndf6 18. Re1 Nxe4 19. Rxe4 Qf7 20. Qe2 Bd4+ 21. Kh2 Bf5 22. Re7 Qf6 23. Re1 Ng7 24. Rxb7 Rfe8 25. Qf1 Bxc3 26. bxc3 Qxc3 27. Rxe8+ Rxe8 28. Rb6 Bd3 29. Qd1 c4 30. Rxd6 Nf5 31. Rxa6 Nxg3 32. Kxg3 Re1 33. Ra8+ Kg7 34. Ra7+ Kf6 35. Ra6+ Kg7 36. Ra7+ Kh6 37. d6 Rxd1 38. Bxd1 Be2+ 39. Kh2 Bxd1 40. d7 Qd4 0-1

[Event "Titled Tuesday intern op 25th Jan"]
[Site "Chess.com INT"]
[Date "2022.01.25"]
[Round "5"]
[White "Mickiewicz, Piotr"]
[Black "Geldyeva, Mekhri"]
[Result "1-0"]
[WhiteElo "2294"]
[BlackElo "2139"]
[PlyCount "73"]
[EventDate "2022.01.25"]
[EventType "swiss (blitz)"]
[EventRounds "11"]
[EventCountry "USA"]
[SourceTitle "CBM 206 Extra"]
[Source "ChessBase"]
[SourceDate "2022.03.31"]
[SourceVersion "1"]
[SourceVersionDate "2022.03.31"]
[SourceQuality "1"]

1. Nf3 d5 2. b3 e6 3. Bb2 Nf6 4. e3 c5 5. Bb5+ Bd7 6. a4 a6 7. Bxd7+ Nbxd7 8. a5 Bd6 9. d3 0-0 10. Nbd2 Bc7 11. Bc3 Nb8 12. 0-0 Nc6 13. e4 d4 14. Bb2 Nxa5 15. Qe2 e5 16. Nc4 Re8 17. Nh4 b5 18. Nxa5 Bxa5 19. Nf5 Bc7 20. Bc1 Re6 21. Bg5 h6 22. Bh4 Qf8 23. Ra2 Bd8 24. Rfa1 a5 25. f4 exf4 26. Bxf6 Rxf6 27. Qg4 g5 28. h4 Rfa6 29. hxg5 Bxg5 30. Kf2 Kh7 31. Rh1 a4 32. Qxg5 Rg6 33. Qxf4 axb3 34. Rxa8 Qxa8 35. Rxh6+ Kg8 36. Ne7+ Kg7 37. Rh7+ 1-0

[Event "Titled Tuesday intern op 18th Jan"]
[Site "Chess.com INT"]
[Date "2022.01.18"]
[Round "1"]
[White "Bilan, Danila"]
[Black "Geldyeva, Mekhri"]
[Result "1-0"]
[WhiteElo "2303"]
[BlackElo "2139"]
[PlyCount "109"]
[EventDate "2022.01.18"]
[EventType "swiss (blitz)"]
[EventRounds "11"]
[EventCountry "USA"]
[SourceTitle "CBM 206 Extra"]
[Source "ChessBase"]
[SourceDate "2022.03.31"]
[SourceVersion "1"]
[SourceVersionDate "2022.03.31"]
[SourceQuality "1"]

1. d4 Nf6 2. Nf3 g6 3. Bg5 Bg7 4. c3 d5 5. Nbd2 0-0 6. e3 Nbd7 7. Bd3 c5 8. 0-0 cxd4 9. cxd4 b6 10. Rc1 Bb7 11. Qa4 h6 12. Bh4 a6 13. Qa3 b5 14. Ne5 g5 15. Bg3 Nxe5 16. Bxe5 Nd7 17. Bc7 Qe8 18. f4 f6 19. f5 e5 20. Bd6 Rf7 21. Rfe1 e4 22. Be2 Bf8 23. Bh5 Nb6 24. Bxf7+ Qxf7 25. Rc7 Qxc7 26. Bxc7 Bxa3 27. bxa3 Nc4 28. Nb3 g4 29. Kf2 Bc8 30. Kg3 h5 31. Kf4 Kf7 32. h3 gxh3 33. gxh3 Nxa3 34. Nc5 Nc4 35. Rg1 Ra7 36. Bd8 Nd6 37. Rg6 Ne8 38. Rh6 a5 39. Rxh5 b4 40. Rh7+ Ng7 41. Bb6 Re7 42. Bxa5 Kg8 43. Rh6 Bxf5 44. Rxf6 Nh5+ 45. Kxf5 Nxf6 46. Kxf6 Rh7 47. Bxb4 Rxh3 48. Bd2 Rh2 49. Nb3 Re2 50. Ke5 Rg2 51. Kxd5 Rg4 52. Nc5 Kf8 53. Nxe4 Ke7 54. Bb4+ Kd7 55. Nf6+ 1-0

[Event "Titled Tuesday intern op 18th Jan"]
[Site "Chess.com INT"]
[Date "2022.01.18"]
[Round "5"]
[White "Levitsky, Andrey"]
[Black "Geldyeva, Mekhri"]
[Result "1-0"]
[WhiteElo "2329"]
[BlackElo "2139"]
[PlyCount "107"]
[EventDate "2022.01.18"]
[EventType "swiss (blitz)"]
[EventRounds "11"]
[EventCountry "USA"]
[SourceTitle "CBM 206 Extra"]
[Source "ChessBase"]
[SourceDate "2022.03.31"]
[SourceVersion "1"]
[SourceVersionDate "2022.03.31"]
[SourceQuality "1"]

1. e4 c5 2. Nf3 e6 3. d4 cxd4 4. Nxd4 Nf6 5. Nc3 d6 6. g4 a6 7. g5 Nfd7 8. h4 Qc7 9. Be3 b5 10. a3 Bb7 11. f4 Nc6 12. Qd2 Nc5 13. Bg2 Na5 14. b3 Rc8 15. 0-0 Nd7 16. Nce2 Nc6 17. f5 e5 18. Nxc6 Qxc6 19. Rac1 Nc5 20. Ng3 f6 21. gxf6 gxf6 22. Qe2 Qd7 23. Kh2 Qf7 24. Bf3 Qc7 25. c4 Nxb3 26. cxb5 Nxc1 27. Rxc1 Qa5 28. Nh5 Be7 29. Rxc8+ Bxc8 30. Qc4 Kd8 31. b6 Qb5 32. Qc7+ Ke8 33. Qxc8+ Bd8 34. Qe6+ Be7 35. Nxf6+ Kd8 36. Nd5 Qd7 37. Qxe7+ Qxe7 38. Nxe7 Kxe7 39. Bg4 h5 40. Bh3 Rc8 41. a4 Rc2+ 42. Kg3 Ra2 43. b7 Rb2 44. f6+ Kxf6 45. Bc8 Rb3 46. Kf2 Ke7 47. Ba7 Rb2+ 48. Ke3 Rb3+ 49. Kd2 Kd8 50. b8Q Rxb8 51. Bxb8 Kxc8 52. Bxd6 Kd7 53. Bxe5 Ke6 54. Bf4 1-0

[Event "Olympiad Women-43"]
[Site "Batumi"]
[Date "2018.10.05"]
[Round "11.1"]
[White "Cori Tello, Deysi Estella"]
[Black "Geldyeva, Mekhri"]
[Result "1-0"]
[WhiteElo "2391"]
[BlackElo "2139"]
[PlyCount "69"]
[EventDate "2018.09.24"]
[EventType "team-swiss"]
[EventRounds "11"]
[EventCountry "GEO"]
[SourceTitle "EXT 2020"]
[Source "ChessBase"]
[SourceDate "2019.10.17"]
[SourceVersion "1"]
[SourceVersionDate "2019.10.17"]
[SourceQuality "1"]
[WhiteTeam "Peru (W)"]
[BlackTeam "Turkmenistan (W)"]
[WhiteTeamCountry "PER"]
[BlackTeamCountry "TKM"]

1. d4 d5 2. Nf3 Nf6 3. c4 dxc4 4. e3 e6 5. Bxc4 a6 6. 0-0 c5 7. Qe2 b5 8. Bd3 Bb7 9. a4 b4 10. Rd1 Nbd7 11. Nbd2 Bd6 12. e4 Bc7 13. e5 Nd5 14. Nc4 Qb8 15. Ng5 cxd4 16. Qh5 g6 17. Qh6 Bxe5 18. Re1 Bf6 19. Ne4 Ke7 20. Nxf6 N7xf6 21. Bg5 a5 22. Rxe6+ Kxe6 23. Re1+ Kd7 24. Bxf6 Nxf6 25. Ne5+ Kc7 26. Qf4 Nd5 27. Qxf7+ Kd6 28. Qd7+ Kc5 29. Rc1+ Nc3 30. bxc3 dxc3 31. Qb5+ Kd6 32. Nc4+ Kc7 33. Qe5+ Kd7 34. Bf5+ gxf5 35. Rd1+ 1-0

[Event "Olympiad Women-43"]
[Site "Batumi"]
[Date "2018.10.01"]
[Round "7.36"]
[White "Thorsteinsdottir, Gudlaug"]
[Black "Geldyeva, Mekhri"]
[Result "1-0"]
[WhiteElo "1981"]
[BlackElo "2139"]
[PlyCount "141"]
[EventDate "2018.09.24"]
[EventType "team-swiss"]
[EventRounds "11"]
[EventCountry "GEO"]
[SourceTitle "EXT 2020"]
[Source "ChessBase"]
[SourceDate "2019.10.17"]
[SourceVersion "1"]
[SourceVersionDate "2019.10.17"]
[SourceQuality "1"]
[WhiteTeam "Iceland (W)"]
[BlackTeam "Turkmenistan (W)"]
[WhiteTeamCountry "ISL"]
[BlackTeamCountry "TKM"]

1. d4 Nf6 2. c4 e6 3. Nf3 b6 4. Nc3 Bb4 5. Qc2 Bb7 6. a3 Bxc3+ 7. Qxc3 Ne4 8. Qc2 0-0 9. Bf4 d6 10. e3 Nd7 11. Rd1 f5 12. h3 Qf6 13. Nd2 e5 14. dxe5 dxe5 15. Bh2 Rad8 16. Nxe4 Bxe4 17. Qc3 Rfe8 18. c5 bxc5 19. Bc4+ Kh8 20. 0-0 Qe7 21. Bd5 Bxd5 22. Rxd5 c6 23. Rd2 Nf6 24. Rxd8 Rxd8 25. Qxe5 Qxe5 26. Bxe5 Ne4 27. Rc1 Rd5 28. Bb8 a6 29. Ba7 h5 30. h4 c4 31. Rxc4 Rd1+ 32. Kh2 Nxf2 33. Rxc6 f4 34. exf4 Ng4+ 35. Kh3 Rd3+ 36. g3 Rd2 37. Bg1 Rxb2 38. Rxa6 Ra2 39. a4 Kh7 40. a5 Ra1 41. Kg2 Ra2+ 42. Kf3 Ra3+ 43. Ke4 Nf6+ 44. Kf5 Rxg3 45. Bd4 Nd5 46. Ra7 Rg6 47. Bxg7 Rxg7 48. Rxg7+ Kxg7 49. a6 Ne7+ 50. Kg5 Nc6 51. Kxh5 Kf6 52. Kg4 Na7 53. h5 Nc6 54. f5 Na7 55. h6 Nc6 56. Kh5 Na7 57. Kg4 Nc6 58. Kf4 Na7 59. Kf3 Nc6 60. Ke4 Kf7 61. Ke3 Kf6 62. Kd2 Kf7 63. Kc3 Kf6 64. Kc4 Na7 65. Kc5 Kf7 66. Kb6 Nc8+ 67. Kc7 Na7 68. Kb7 Nb5 69. a7 Nxa7 70. Kxa7 Kg8 71. f6 1-0

[Event "Olympiad Women-43"]
[Site "Batumi"]
[Date "2018.09.24"]
[Round "1.55"]
[White "Geldyeva, Mekhri"]
[Black "Lieketseng, Ngatane"]
[Result "1-0"]
[WhiteElo "2139"]
[BlackElo "1518"]
[PlyCount "55"]
[EventDate "2018.09.24"]
[EventType "team-swiss"]
[EventRounds "11"]
[EventCountry "GEO"]
[SourceTitle "EXT 2020"]
[Source "ChessBase"]
[SourceDate "2019.10.17"]
[SourceVersion "1"]
[SourceVersionDate "2019.10.17"]
[SourceQuality "1"]
[WhiteTeam "Turkmenistan (W)"]
[BlackTeam "Lesotho (W)"]
[WhiteTeamCountry "TKM"]
[BlackTeamCountry "LES"]

1. d4 d5 2. Nf3 Nf6 3. c4 e6 4. Nc3 Bb4 5. Ne5 Bxc3+ 6. bxc3 h6 7. Ba3 b6 8. e3 Bb7 9. Qa4+ Nfd7 10. cxd5 exd5 11. Be2 c6 12. 0-0 Nxe5 13. dxe5 Nd7 14. Bd6 Qg5 15. f4 Qf5 16. c4 Qe4 17. Qb3 d4 18. c5 b5 19. Bf3 Qxe3+ 20. Qxe3 dxe3 21. a4 b4 22. a5 a6 23. Rfe1 0-0-0 24. Rxe3 Rde8 25. Rb3 g5 26. Rxb4 gxf4 27. Bg4 Ba8 28. Rb8# 1-0

[Event "Asia-chT blitz (Women) 5th"]
[Site "Ashkhabad"]
[Date "2017.09.27"]
[Round "2.1"]
[White "Antonova, Nadezhda"]
[Black "Geldyeva, Mekhri"]
[Result "0-1"]
[WhiteElo "2024"]
[BlackElo "2132"]
[PlyCount "76"]
[EventDate "2017.09.27"]
[EventType "team-swiss (blitz)"]
[EventRounds "5"]
[EventCountry "TKM"]
[SourceTitle "EXT 2018"]
[Source "ChessBase"]
[SourceDate "2017.10.13"]
[SourceVersion "1"]
[SourceVersionDate "2017.10.13"]
[SourceQuality "1"]
[WhiteTeam "Tajikistan"]
[BlackTeam "Turkmenistan"]
[WhiteTeamCountry "TJK"]
[BlackTeamCountry "TKM"]

1. d4 Nf6 2. Nf3 d6 3. Nbd2 c6 4. e4 Qc7 5. Bd3 Nbd7 6. 0-0 e5 7. c3 Be7 8. Re1 0-0 9. a4 Rd8 10. Nc4 b6 11. Bg5 Bb7 12. Bh4 a6 13. dxe5 dxe5 14. Bg3 Bd6 15. Nxd6 Qxd6 16. Qe2 Qe7 17. b4 b5 18. Bc2 Nh5 19. Rad1 Nxg3 20. hxg3 Nf6 21. Bb3 h6 22. Nh4 bxa4 23. Nf5 Qf8 24. Bxa4 c5 25. Qc4 cxb4 26. Rxd8 Rxd8 27. cxb4 Rc8 28. Qa2 Nxe4 29. b5 axb5 30. Bxb5 Qb4 31. Rb1 Qc5 32. Bd3 Nc3 33. Qb2 Nxb1 34. Qxb1 Qc1+ 35. Qxc1 Rxc1+ 36. Kh2 e4 37. Bb5 Rc5 38. Ne7+ Kf8 0-1